| 000 | 01403cam a2200373 a 4500 | ||
|---|---|---|---|
| 999 |
_c128689 _d128689 |
||
| 001 | 3550621 | ||
| 003 | ARRUPE | ||
| 005 | 20181130115953.0 | ||
| 008 | 970506s1996 enka b 001 0aeng d | ||
| 010 | _a 97148196 | ||
| 020 | _a0713991356 | ||
| 035 | _a(CStRLIN)PATG96-B22942 | ||
| 040 |
_aCMalG _cCMalG _dPPT _dDLC |
||
| 041 | 1 |
_aeng _hdut |
|
| 042 | _alccopycat | ||
| 043 | _ae-ne--- | ||
| 050 | 0 | 0 |
_aND653.G7 _bA3 1996 |
| 082 | 0 | 0 |
_a759.9492 _aB _221 |
| 100 | 1 |
_aGogh, Vincent van, _d1853-1890. _926559 |
|
| 245 | 1 | 4 |
_aThe letters of Vincent van Gogh / _cselected and edited by Ronald de Leeuw ; translated by Arnold Pomerans. |
| 260 |
_aLondon : _bAllen Lane, Penguin Press, _c1996. |
||
| 300 |
_axxxi, 528 p. : _bill. ; _c24 cm. |
||
| 500 | _a"Based on 'De Brieven van Vincent van Gogh' ..."--P. [vii] | ||
| 504 | _aIncludes bibliographical references and index. | ||
| 600 | 1 | 0 |
_aGogh, Vincent van, _d1853-1890 _xCorrespondence. _943730 |
| 650 | 0 |
_aPainters _zNetherlands _xCorrespondence. _943731 |
|
| 700 | 1 |
_aLeeuw, Ronald de. _943732 |
|
| 906 |
_a7 _bcbc _ccopycat _d2 _encip _f19 _gy-gencatlg |
||
| 942 |
_2lcc _cMONOGRAPH |
||